000 02030nam a2200517 i 4500
001 37276
003 KOSZ 005
005 20240405063120.0
008 200608s1999 pl a g 100 0 pol
015 _aPB 2000/19566
020 _a8388283049
040 _aWA N
_cWA N
_dKOSZ 005/RW
045 _bd1730
_bd1920
046 _k1999
080 _a94(438).072/.081
245 0 0 _aPowstania w Wielkopolsce XVIII-XX w. :
_bmateriały z XI Ogólnopolskiego Seminarium Historyków Powstania Wielkopolskiego /
_credakcja naukowa Bogusław Polak ; Politechnika Koszalińska.
246 1 4 _aPowstania wielkopolskie XVIII-XX w.
260 _aKoszalin :
_bWydawnictwo Uczelniane Politechniki Koszalińskiej,
_c1999.
300 _a206 stron :
_bilustracje, mapa ;
_c25 cm.
336 _aTekst
_btxt
_2rdacontent
337 _aBez urządzenia pośredniczącego
_bn
_2rdamedia
338 _aWolumin
_bnc
_2rdacarrier
380 _aKsiążki.
380 _aPublikacje naukowe
388 _a1901-2000
388 _a1989-2000
500 _aTytuł okładki: Powstania wielkopolskie XVIII-XX w.
504 _aBibliografia przy referatach.
648 7 _a1701-1800
648 7 _a1801-1900
648 7 _a1901-2000
650 7 _aPowstanie wielkopolskie (1918-1919)
651 7 _aWielkopolska
651 7 _aPolska
655 7 _aKsięga pamiątkowa
655 7 _aMateriały konferencyjne
658 _aHistoria
658 _aBezpieczeństwo i wojskowość
600 1 4 _aMiśkiewicz, Benon
_d(1930-2008)
_eAutor
700 1 _aPolak, Bogusław
_d(1945- )
_eRedakcja
710 2 _aPolitechnika Koszalińska
710 2 _aWydawnictwo Uczelniane (Politechnika Koszalińska)
_4pbl
711 2 _aOgólnopolskie Seminarium Historyków Powstania Wielkopolskiego
_n(11 ;
_d1999 ;
_cKoszalin)
856 _uhttp://koha.tu.koszalin.pl/cgi-bin/koha/opac-detail.pl?biblionumber=37276
_yKatalog online BPK
942 _2UKD
_cKS
999 _c37276
_d37276